| 000 | 00772cam a22002534a 4500 | ||
|---|---|---|---|
| 001 | 3103750 | ||
| 005 | 20180828045640.0 | ||
| 008 | 990413s2000 njua b 000 0 eng | ||
| 010 | _a 99030357 | ||
| 020 | _a0130832286 | ||
| 040 |
_aDLC _cDLC _dDLC |
||
| 041 | _aeng | ||
| 042 | _apcc | ||
| 043 | _an-us--- | ||
| 080 | _a361.1097 | ||
| 082 | 0 | 0 |
_a361.1097 _221 |
| 100 | _a51 | ||
| 101 | _aSOC | ||
| 245 | 0 | 0 |
_aAnalyzing social problems : _cedited by Dana Dunn and David V. Waller. |
| 504 | _aIncludes bibliographical references. | ||
| 906 |
_a7 _bcbc _corignew _d1 _eocip _f19 _gy-gencatlg |
||
| 942 |
_2ddc _cBK |
||
| 999 |
_c47370 _d47370 |
||